000 00704nam a2200217 a 4500
005 20240913064630.0
008 040921s1991 mx r 000 0 spa d
020 _a8433911570
035 _aUPN01000134755
049 _aCG
050 4 _aPG3476 P2.7
_bD6
100 1 _aPasternak, Boris Leonidovich,
_d1890-1960
245 1 3 _aEl doctor Zhivago /
_cBoris L. Pasternak ; tr. de Fernando Gutiérrez.
260 _aBarcelona, Esp. :
_bAnagrama,
_c1991.
300 _a627 p.
440 0 _aPanorama de narrativas ;
_v237
534 _pTítulo original:
_tDoctor Zhivago
651 4 _aUNION SOVIETICA -
_xHISTORIA -
_yREVOLUCION, 1917-1921 -
_vNOVELA
_95591
650 4 _aNovela rusa
_912701
905 _aLibro
999 _c106906
_d106906